Guess the lana del rey song! pt. 4 - Statistics

General Stats
  • This quiz has been taken 40 times
  • The average score is 208 of 346
Answer Stats
Answer % Correct
i
100%
you
94%
You
94%
love
88%
my
88%
me
84%
your
84%
so
81%
So
81%
the
81%
in
78%
you’re
78%
you‘re
78%
be
75%
to
75%
when
75%
am
72%
can
72%
we
72%
and
69%
have
69%
like
69%
hear
66%
it
66%
all
63%
if
63%
is
63%
of
63%
on
63%
what
59%
baby
56%
boy
56%
cant
56%
just
56%
see
56%
that
56%
want
56%
are
53%
nothing
53%
they
53%
think
53%
china
50%
doll
50%
hello
50%
life
50%
Life
50%
tell
50%
without
50%
but
47%
dream
47%
fall
47%
god
47%
money
47%
were
47%
would
47%
beautiful
44%
mean
44%
was
44%
deadly
41%
dope
41%
even
41%
Everything
41%
I’ve
41%
I‘ve
41%
i’ve
41%
light
41%
night
41%
babe
38%
dance
38%
dark
38%
heart
38%
our
38%
sweet
38%
up
38%
cameras
34%
found
34%
id
34%
out
34%
pretty
34%
wanna
34%
american
31%
could‘ve
31%
dreams
31%
get
31%
glamorous
31%
lights
31%
notoriety
31%
gold
28%
hot
28%
kids
28%
lived
28%
nice
28%
picture
28%
rivieras
28%
Side
28%
summertime
28%
these
28%
tryin
28%
two
28%
vanilla
28%
images
25%
music
25%
play
25%
silver
25%
stolen
25%
into
22%
lined
22%
loud
22%
seemed
22%
flashbulbs
19%
Grew
19%
burned
16%
brain
13%
No matching quizzes found
Score Distribution
Percent of People with Each Score
Percentile by Number Answered
Your Score History
You have not taken this quiz